KOHA-Header-6

Fundamentals Of Data Structures In C++ (Record no. 8042)

000 -LEADER
fixed length control field 00246nam a2200109Ia 4500
020 ## - INTERNATIONAL STANDARD BOOK NUMBER
ISBN 9780929306377
100 ## - MAIN ENTRY--AUTHOR NAME
Personal name Horowitz
245 #0 - TITLE STATEMENT
Title Fundamentals Of Data Structures In C++
260 ## - PUBLICATION, DISTRIBUTION, ETC. (IMPRINT)
Place of publication USA
Name of publisher Microsoft Press
Year of publication 2011
300 ## - PHYSICAL DESCRIPTION
Number of Pages 1164
942 ## - ADDED ENTRY ELEMENTS (KOHA)
Koha item type Books
Holdings
Withdrawn status Lost status Collection code Permanent Location Current Location Shelving location Date acquired Full call number Accession Number Koha item type
    Computer Science MAJU MAJU   2019-09-13 005.73 2390 Computer Science

Powered by Koha